000 00540nam a2200217Ia 4500
003 OSt
005 20221007082819.0
006 a|||||r|||| 00| 0
007 ta
008 221006b |||||||| |||| 00| 0 eng d
024 _a21,350
037 _cDissertations
040 _aFLL
_cFLL
_beng
041 _2eng
_aeng
100 _aSurbhi
_9542235
245 0 _aCorporate meetings
_b a tool for collective decision making
260 _c2005
300 _a204p
_ccm.
942 _cDIS
_2CC
999 _c1167823
_d1167823